Gaming Quiz

Random Gaming or Mixed Word Quiz

Gaming Jumbles Quiz Stats

 Plays Quiz Updated Mar 5, 2019

Score 0/30 Timer 06:00
17 Plays Today
Jumble Answer % Correct
Block Types in MinecraftWOOD
89.5%
Top-Earning Game CompaniesSONY
88.2%
Nintendo's Female CharactersPEACH
87.6%
Nintendo's Female CharactersDAISY
83%
Call of Duty Game TitlesBLACK OPS
82.1%
Call of Duty Game TitlesGHOSTS
76.7%
Popular Word GamesBOGGLE
74.2%
Nintendo's Female CharactersZELDA
69%
Top-Earning Game CompaniesNINTENDO
66.8%
Physical Classes in Final FantasyNINJA
65.8%
Popular Word GamesCROSSWORD
63.4%
Physical Classes in Final FantasyVIKING
63.2%
Call of Duty Game TitlesMODERN WARFARE
61.5%
Popular Word GamesSCRABBLE
60.7%
Block Types in MinecraftGRAVEL
59.3%
Jumble Answer % Correct
Call of Duty Game TitlesFINEST HOUR
58.8%
Call of Duty Game TitlesSTRIKE TEAM
55.2%
Physical Classes in Final FantasyGUNNER
48.7%
Nintendo's Female CharactersTOADETTE
48%
Top-Earning Game CompaniesSQUARE ENIX
47.6%
Top-Earning Game CompaniesMICROSOFT
47.6%
Popular Word GamesWORD SEARCH
47.3%
Physical Classes in Final FantasyPALADIN
47.1%
Nintendo's Female CharactersSAMUS ARAN
45%
Popular Word GamesHANGMAN
43.7%
Block Types in MinecraftBEDROCK
35%
Block Types in MinecraftOBSIDIAN
32.7%
Top-Earning Game CompaniesELECTRONIC ARTS
27.7%
Physical Classes in Final FantasyMACHINIST
20.6%
Block Types in MinecraftGLOWSTONE
14%

You're not logged in!

Compare scores with friends on all Sporcle quizzes.
OR
Log In

You Might Also Like...

Show Comments

Extras

Top Quizzes Today


Score Distribution

Your Account Isn't Verified!

In order to create a playlist on Sporcle, you need to verify the email address you used during registration. Go to your Sporcle Settings to finish the process.

Report this User

Report this user for behavior that violates our Community Guidelines.

Details: